|
|
|
|
| LEADER |
01093nam a2200289 a 4500 |
| 001 |
5290 |
| 003 |
BD-DhAAL |
| 005 |
20150615115824.0 |
| 008 |
150615s1992 nyuab b 001 0 eng |
| 010 |
|
|
|a 91065146
|
| 020 |
|
|
|a 0500276242 :
|c $29.95
|
| 040 |
|
|
|a DLC
|c DLC
|d DLC
|d BD-DhAAL
|
| 050 |
0 |
0 |
|a DS36.85
|b .I75 1992
|
| 082 |
0 |
0 |
|a 909/.097671
|2 20
|
| 245 |
0 |
4 |
|a The World of Islam :
|b faith, people, culture /
|c edited by Bernard Lewis ; texts by Bernard Lewis ... [et al.].
|
| 260 |
|
|
|a New York :
|b Thames and Hudson,
|c 1992.
|
| 300 |
|
|
|a 360 p. :
|b ill. (some col.), maps ;
|c 31 cm.
|
| 504 |
|
|
|a Includes bibliographical references (p. 349-350) and index.
|
| 541 |
|
|
|e 5290
|
| 650 |
|
0 |
|a Islamic civilization.
|9 6792
|
| 650 |
|
0 |
|a Islamic art.
|9 12093
|
| 651 |
|
0 |
|a Islamic Empire.
|9 9818
|
| 651 |
|
0 |
|a Middle East
|x History
|y 1517-
|9 9819
|
| 700 |
1 |
|
|a Lewis, Bernard,
|d 1916-
|9 12094
|
| 942 |
|
|
|2 ddc
|c BK
|
| 999 |
|
|
|c 34729
|d 34729
|
| 952 |
|
|
|0 0
|1 0
|2 ddc
|4 0
|6 909_000000000000000__097671_WOR
|7 0
|9 54312
|a SCL
|b SCL
|c GEN
|d 2015-06-15
|g 3048.00
|l 0
|o 909.097671 WOR
|p 3020005290
|r 2015-06-15
|t 1
|w 2015-06-15
|y BK
|